| 000 | 00860cab a2200277 4500 | ||
|---|---|---|---|
| 001 | WB3008-21 | ||
| 008 | 090401t1994 xxu||||| |||| 00| 0 eng d | ||
| 035 | _a(Sirsi) u76100 | ||
| 041 | _aeng | ||
| 245 | _aLack of concensus for councils shake-up | ||
| 260 | _c1994 | ||
| 350 | _a0 | ||
| 490 |
_aFinancial Times _v25 February 1994, 12(2) |
||
| 520 | _aWith several county councils and district councils resisting the restructuring of local government, the Government will be forced to impose decisions. | ||
| 650 | _aCOUNTY COUNCILS | ||
| 650 | _aDISTRICT COUNCILS | ||
| 650 | _aDOUGHNUT AGREEMENTS | ||
| 650 | _aLOCAL AUTHORITIES | ||
| 650 | _aLOCAL GOVERNMENT REFORM | ||
| 650 | _aRESTRUCTURING | ||
| 650 | _aTWO-TIER AUTHORITIES | ||
| 650 | _aUNITARY AUTHORITIES | ||
| 690 | _aECONOMIC AND SOCIAL | ||
| 942 | _n0 | ||
| 948 | _c04/03/1997 | ||
| 999 |
_c47881 _d47881 |
||